Analýza odvodnenia striech podtlakovými kanalizačnými systémami
Guardado en:
| Autor principal: | |
|---|---|
| Otros Autores: | |
| Formato: | Manuscrito Libro |
| Lenguaje: | eslovaco |
| Publicado: |
2017
|
| Materias: | |
| Acceso en línea: | http://is.stuba.sk/zp/portal_zp.pl?podrobnosti=76214 |
| Etiquetas: |
Sin Etiquetas, Sea el primero en etiquetar este registro!
|
MARC
| LEADER | 00000ntm a22000003a 4500 | ||
|---|---|---|---|
| 001 | stuzp38066 | ||
| 003 | SK-STU | ||
| 005 | 20170812210211.6 | ||
| 007 | ta | ||
| 008 | 150427s2015----xo-----f-mn---000-0-slo-d | ||
| 040 | |a STU |b slo | ||
| 041 | 0 | |a slo | |
| 100 | 1 | |a Jágerská, Lenka |u 010290 |4 aut |U SvF Stavebná fakulta |T SvF Katedra technických zariadení budov |X 10536 |U V290 |Y 31 |7 A000010536 | |
| 242 | 0 | 1 | |a Analysis of siphonic roof drainage system |y eng |
| 245 | 1 | 0 | |a Analýza odvodnenia striech podtlakovými kanalizačnými systémami |
| 260 | |c 2017 | ||
| 650 | 4 | |a simulácie |2 slo | |
| 650 | 4 | |a odvodnenie striech |2 slo | |
| 650 | 4 | |a podtlakový systém |2 slo | |
| 650 | 4 | |a siphonic drainage |2 eng | |
| 650 | 4 | |a flat roof drainage |2 eng | |
| 650 | 4 | |a simulations |2 eng | |
| 700 | 1 | |a Peráčková, Jana |u 010290 |k Z1 |4 ths |U SvF Stavebná fakulta |T SvF Katedra technických zariadení budov |X 2739 |U V290 |Y 31 |7 A000002739 | |
| 856 | 4 | |u http://is.stuba.sk/zp/portal_zp.pl?podrobnosti=76214 | |
| 996 | |b 284V041436 |c V* 3399/DP-1329 |l VVS |s P |a 0 |w stuzp38066_0001 | ||